| 000 | 00965nam a22002535a 4500 | ||
|---|---|---|---|
| 003 | OSt | ||
| 005 | 20170302144837.0 | ||
| 008 | 170302s2011 ua frb 000 0 ara d | ||
| 015 | _a2011 / 14262 | ||
| 020 | _a9789770468005 | ||
| 040 |
_aEG-ScBUE _bara _cEG-ScBUE |
||
| 082 | 0 | 4 |
_a346.078 _bز م ز _222 |
| 100 | 1 | _aزمزم، عبد المنعم. | |
| 245 | 1 | 2 |
_aالإفلاس الدولي بين القانون الدولي الخاص وقانون التجارة الدولية / _cعبد المنعم زمزم. |
| 260 |
_aالقاهرة : _bدار النهضة العربية، _c2011. |
||
| 300 |
_a283 ص. ؛ _c24 سم. |
||
| 504 | _aيشتمل على إرجاعات ببليوجرافية. | ||
| 650 | 7 |
_aالإفلاس (قانون دولي) _2BUEsh |
|
| 650 | 7 |
_aالقانون الدولي الخاص. _2BUEsh |
|
| 650 | 7 |
_aالقانون الدولي التجاري. _2BUEsh _941050 |
|
| 651 | _2BUEsh | ||
| 653 |
_bLLAAWW _cMarch2017 |
||
| 942 | _2ddc | ||
| 999 |
_c24302 _d24274 |
||